Propiedad intelectual y regulación en biotecnología vegetal : (Registro nro. 8649)

Detalles MARC
000 -CABECERA
Campo de control 00832nam a22002057a 4500
005 - FECHA Y HORA DE LA ULTIMA TRANSACCION
Campo de control 20150304020002.0
008 - ELEMENTOS DE LONGITUD FIJA—INFORMACION GENERAL
Campo de control 140901b2013 ck ||||f |||| 00| 0 spa d
020 ## - ISBN
ISBN 9789587616132
041 ## - IDIOMA
Código de idioma para texto/pista de sonido o título separado Español
044 ## - PAÍS DE PUBLICACIÓN
País de publicación Colombia
082 04 - NUMERO DE CLASIFICACION DECIMAL DEWEY
Número de clasificación 343.0786
Número del ítem C46p
100 1# - ASIENTO PRINCIPAL--NOMBRE PERSONAL
Nombre personal Chaparro-Giraldo, Alejandro
Fechas asociadas con el nombre 1958-
245 10 - MENCION DE TITULO
Título Propiedad intelectual y regulación en biotecnología vegetal :
Parte restante del título el caso de los cultivos genéticamente modificados (GM)
Mención de responsabilidad Alejandro Chaparro-Giraldo
260 ## - PUBLICACION, DISTRIBUCION, ETC. (PIE DE IMPRENTA)
Lugar de publicación, distribución, etc. Bogotá
Nombre del editor, distribuidor, etc. Universidad Nacional de Colombia. Facultad de Ciencias.
Fecha de publicación, distribución, etc. 2013
300 ## - DESCRIPCION FISICA
Extensión 139 p. +
Otros detalles físicos gráficas, tablas
Dimensiones 24 cm.
504 ## - NOTA DE BIBLIOGRAFIA, ETC.
Nota de bibliografía Incluye referencias bibliográficas
650 #6 - ASIENTO SECUNDARIO DE MATERIA - TERMINO TEMATICO
Término temático o nombre geográfico como elemento de entrada Industria biotecnológica
Subdivisión general aspectos jurídicos
Subdivisión geográfica Colombia
650 #6 - ASIENTO SECUNDARIO DE MATERIA - TERMINO TEMATICO
Término temático o nombre geográfico como elemento de entrada Alimentos transgénicos
Subdivisión general Legislación
Subdivisión geográfica Colombia
942 ## - ELEMENTOS ADICIONALES (KOHA)
Sistema de clasificación Dewey Decimal Classification
Tipo de ítem Libro
Koha issues (borrowed), all copies 2
Existencias
Withdrawn status Lost status Sistema de Clasificación Damaged status No para préstamo Colección Inventariado Ubicación Permanente Ubicación actual Fecha de adquisición Fuente de Valor Valor Total Checkouts Número topográfico Inventario / Código de Barras Date last seen Date checked out Ejemplar Price effective from Forma de adquisición Tipo de material
    Dewey Decimal Classification     General Inventariado 2017 Bogotá Bogotá 01/09/2014 Instituto 39000.00 2 LB-343.0786 C46p 038293 03/03/2015 03/03/2015 Ej. 1 01/09/2014 Canje Libro